Apoornathayude oru pusthakam/ (Record no. 64941)

000 -LEADER
fixed length control field 00403nam a22001577a 4500
020 ## - INTERNATIONAL STANDARD BOOK NUMBER
ISBN 9788182661387
082 ## - DEWEY DECIMAL CLASSIFICATION NUMBER
Classification number M3
Item number PRA/A
100 ## - MAIN ENTRY--AUTHOR NAME
Personal name Praveen Chandran
245 ## - TITLE STATEMENT
Title Apoornathayude oru pusthakam/
Statement of responsibility, etc by Praveen Chandran
260 ## - PUBLICATION, DISTRIBUTION, ETC. (IMPRINT)
Place of publication Kozhikode:
Name of publisher Mathrubhoomi Books,
Year of publication 2014.
300 ## - PHYSICAL DESCRIPTION
Number of Pages 128p.
650 ## - SUBJECT ADDED ENTRY--TOPICAL TERM
Topical Term Novel Malayalam
650 ## - SUBJECT ADDED ENTRY--TOPICAL TERM
Topical Term Literature Malayalam
650 ## - SUBJECT ADDED ENTRY--TOPICAL TERM
Topical Term Literature
942 ## - ADDED ENTRY ELEMENTS (KOHA)
Koha item type Book
Holdings
Withdrawn status Lost status Damaged status Not for loan Permanent Location Current Location Shelving location Date acquired Cost, normal purchase price Full call number Accession Number Price effective from Koha item type
        Sree Sankaracharya University of Sanskrit Sree Sankaracharya University of Sanskrit Stacks 02.05.2017 100.00 M3 PRA/A 084379 02.05.2017 Book